Critical thinking, thoughtful writing: arhetoric with readings

Gespeichert in:
Bibliographische Detailangaben
Hauptverfasser: Chaffee, John (VerfasserIn), McMahon, Christine (VerfasserIn), Stout, Barbara (VerfasserIn)
Format: Buch
Sprache:Englisch
Veröffentlicht: Boston Houghton Mifflin 2002
Ausgabe:2a. ed
Schlagworte:
Tags: Tag hinzufügen
Keine Tags, Fügen Sie den ersten Tag hinzu!

MARC

LEADER 00000nam a2200000 a 4500
001 UCM7443
003 CL-VaPUC
008 021220e20020000US |||||||||||||||||eng|d
082 0 4 |a 808.066  |b CHA  |2 21 
100 0 |a Chaffee, John  |e author  |9 473024 
700 0 |a McMahon, Christine  |e author  |9 473025 
700 0 |a Stout, Barbara  |e author  |9 473026 
245 1 0 |a Critical thinking, thoughtful writing: arhetoric with readings 
250 |a 2a. ed 
300 |a 613 p 
942 |c BK 
945 |d 20021220 00:00:00  |a cmena 
260 |a Boston  |b Houghton Mifflin  |c 2002 
650 0 |a Retórica   |9 266620 
650 0 |a Análisis del discurso  |9 256696 
650 0 |a Redacción de textos  |9 446760 
650 0 |a Escritura  |9 264941 
650 0 |a Creatividad   |9 310816 
650 0 |a Semántica  |9 265318 
583 |a last modification  |c 20021220 00:00:00  |k Rodrigo Vera 
999 |c 302235  |d 302233 
952 |0 0  |1 0  |4 0  |6 808_066000000000000_CHA_2002  |7 0  |8 A  |9 362366  |a FDOPOS  |b FDOPOS  |d 2019-11-21  |i 3870057  |o 808.066 CHA 2002  |p 3870057  |r 2025-01-22  |w 2019-11-21  |y BK  |k MLA